<?xml version="1.0" encoding="UTF-8"?>
<record
    xmlns:xsi="http://www.w3.org/2001/XMLSchema-instance"
    xsi:schemaLocation="http://www.loc.gov/MARC21/slim http://www.loc.gov/standards/marcxml/schema/MARC21slim.xsd"
    xmlns="http://www.loc.gov/MARC21/slim">

  <leader>00375nam a22001577a 4500</leader>
  <controlfield tag="003">OSt</controlfield>
  <controlfield tag="005">20250825122828.0</controlfield>
  <controlfield tag="008">250825b        |||||||| |||| 00| 0 eng d</controlfield>
  <datafield tag="020" ind1=" " ind2=" ">
    <subfield code="a">9789353160661</subfield>
  </datafield>
  <datafield tag="040" ind1=" " ind2=" ">
    <subfield code="c">IIMT UNIVERSITY, MEERUT</subfield>
  </datafield>
  <datafield tag="100" ind1=" " ind2=" ">
    <subfield code="a"> Saroj Kaushik</subfield>
  </datafield>
  <datafield tag="245" ind1=" " ind2=" ">
    <subfield code="a">Soft Computing</subfield>
  </datafield>
  <datafield tag="260" ind1=" " ind2=" ">
    <subfield code="a">NEW DELHI</subfield>
    <subfield code="b">MC.GRAW HILL</subfield>
    <subfield code="c">2024</subfield>
  </datafield>
  <datafield tag="300" ind1=" " ind2=" ">
    <subfield code="a">405</subfield>
  </datafield>
  <datafield tag="942" ind1=" " ind2=" ">
    <subfield code="2">ddc</subfield>
    <subfield code="c">02</subfield>
  </datafield>
  <datafield tag="999" ind1=" " ind2=" ">
    <subfield code="c">66006</subfield>
    <subfield code="d">66006</subfield>
  </datafield>
  <datafield tag="952" ind1=" " ind2=" ">
    <subfield code="0">0</subfield>
    <subfield code="1">0</subfield>
    <subfield code="2">ddc</subfield>
    <subfield code="4">0</subfield>
    <subfield code="7">0</subfield>
    <subfield code="a">01</subfield>
    <subfield code="b">01</subfield>
    <subfield code="d">2025-08-25</subfield>
    <subfield code="e">KIRTI PRAKASHAN</subfield>
    <subfield code="i">IN395,21/08/2025</subfield>
    <subfield code="p">01-B-144677</subfield>
    <subfield code="r">2025-08-25</subfield>
    <subfield code="u">COMPUTER SCIENCE</subfield>
    <subfield code="w">2025-08-25</subfield>
    <subfield code="y">02</subfield>
  </datafield>
  <datafield tag="952" ind1=" " ind2=" ">
    <subfield code="0">0</subfield>
    <subfield code="1">0</subfield>
    <subfield code="2">ddc</subfield>
    <subfield code="4">0</subfield>
    <subfield code="7">0</subfield>
    <subfield code="a">01</subfield>
    <subfield code="b">01</subfield>
    <subfield code="d">2025-08-25</subfield>
    <subfield code="e">KIRTI PRAKASHAN</subfield>
    <subfield code="i">IN395,21/08/2025</subfield>
    <subfield code="p">01-B-144678</subfield>
    <subfield code="r">2025-08-25</subfield>
    <subfield code="u">COMPUTER SCIENCE</subfield>
    <subfield code="w">2025-08-25</subfield>
    <subfield code="y">02</subfield>
  </datafield>
  <datafield tag="952" ind1=" " ind2=" ">
    <subfield code="0">0</subfield>
    <subfield code="1">0</subfield>
    <subfield code="2">ddc</subfield>
    <subfield code="4">0</subfield>
    <subfield code="7">0</subfield>
    <subfield code="a">01</subfield>
    <subfield code="b">01</subfield>
    <subfield code="d">2025-08-25</subfield>
    <subfield code="e">KIRTI PRAKASHAN</subfield>
    <subfield code="i">IN395,21/08/2025</subfield>
    <subfield code="p">01-B-144679</subfield>
    <subfield code="r">2025-08-25</subfield>
    <subfield code="u">COMPUTER SCIENCE</subfield>
    <subfield code="w">2025-08-25</subfield>
    <subfield code="y">02</subfield>
  </datafield>
  <datafield tag="952" ind1=" " ind2=" ">
    <subfield code="0">0</subfield>
    <subfield code="1">0</subfield>
    <subfield code="2">ddc</subfield>
    <subfield code="4">0</subfield>
    <subfield code="7">0</subfield>
    <subfield code="a">01</subfield>
    <subfield code="b">01</subfield>
    <subfield code="d">2025-08-25</subfield>
    <subfield code="e">KIRTI PRAKASHAN</subfield>
    <subfield code="i">IN395,21/08/2025</subfield>
    <subfield code="p">01-B-144680</subfield>
    <subfield code="r">2025-08-25</subfield>
    <subfield code="u">COMPUTER SCIENCE</subfield>
    <subfield code="w">2025-08-25</subfield>
    <subfield code="y">02</subfield>
  </datafield>
  <datafield tag="952" ind1=" " ind2=" ">
    <subfield code="0">0</subfield>
    <subfield code="1">0</subfield>
    <subfield code="2">ddc</subfield>
    <subfield code="4">0</subfield>
    <subfield code="7">0</subfield>
    <subfield code="a">01</subfield>
    <subfield code="b">01</subfield>
    <subfield code="d">2025-08-25</subfield>
    <subfield code="e">KIRTI PRAKASHAN</subfield>
    <subfield code="i">IN395,21/08/2025</subfield>
    <subfield code="p">01-B-144681</subfield>
    <subfield code="r">2025-08-25</subfield>
    <subfield code="u">COMPUTER SCIENCE</subfield>
    <subfield code="w">2025-08-25</subfield>
    <subfield code="y">02</subfield>
  </datafield>
</record>
